LEADER 00835nam0 22002653i 450 001 TO00130616 005 20231121125834.0 100 $a20181018d1969 ||||0itac50 ba 101 | $aita 102 $ait 181 1$6z01$ai $bxxxe 182 1$6z01$an 200 1 $aElementi di geografia$fVittorio Vialli 205 $aBologna : Patron$b1969 210 $a5 ed 215 $aXII, 391 p.$d22 cm 700 1$aVialli$b, Vittorio$3CFIV056162$4070$0209280 801 3$aIT$bIT-01$c20181018 850 $aIT-FR0017 899 $aBiblioteca umanistica Giorgio Aprea$bFR0017 $eN 912 $aTO00130616 950 0$aBiblioteca umanistica Giorgio Aprea$d 52DOB 29$e 52FLS0000355465 VMB RS $fA $h20181018$i20181018 977 $a 52 996 $aElementi di geografia$9618630 997 $aUNICAS LEADER 01412oam 22004214a 450 001 9910796760003321 005 20180513030011.0 010 $a1-4962-0710-6 010 $a1-4962-0712-2 035 $a(CKB)4100000004818425 035 $a(OCoLC)1035539925 035 $a(MdBmJHUP)muse65935 035 $a(MiAaPQ)EBC5381135 035 $a(EXLCZ)994100000004818425 100 $a20170927d2018 uy 0 101 0 $aeng 135 $aur|||||||nn|n 181 $ctxt$2rdacontent 182 $cc$2rdamedia 183 $acr$2rdacarrier 200 10$aDeclarations of Dependence$eMoney, Aesthetics, and the Politics of Care /$fScott Ferguson 210 1$aLincoln :$cUniversity of Nebraska Press,$d2018. 210 3$aBaltimore, Md. :$cProject MUSE, $d2018 210 4$dİ2018. 215 $a1 online resource 225 0 $aProvocations 311 $a1-4962-0192-2 327 $aCritique after modern monetary theory -- Transcending the aesthetic -- Declarations of dependence -- Medium congruentissimum -- Allegories of the aesthetic -- Becoming second nature. 410 0$aProvocations (Lincoln, Neb.) 608 $aElectronic books. 676 $a332.401 700 $aFerguson$b Scott$c(Assistant Professor),$01569282 801 0$bMdBmJHUP 801 1$bMdBmJHUP 906 $aBOOK 912 $a9910796760003321 996 $aDeclarations of Dependence$93842047 997 $aUNINA